000
00249nam a2200109Ia 4500
008
220204s9999 xx 000 0 und d
082
_a
82-3
_b
KEE
100
_a
Keegan, William
245
0
_a
Real king
260
_a
England
_b
Hamlyn
_c
1979
942
_c
BK
999
_c
32776
_d
32776